Southville International School and Colleges
Your cart is empty.
  • Cart
  • Lists
    Public lists Eva Luna New books Lux_list list_1
    Your lists Log in to create your own lists
  • Log in to your account
  • Your cookies
  • Search history
Southville International School and Colleges
  • Advanced search
  • Recent comments
  • Most popular
  • Libraries

Log in to your account

Log in with GOOGLE


If you do not have an external account, but do have a local account, you can still log in:

  1. Home
  2. MARC view: Introduction to organic chemistry /
Normal view MARC view ISBD view

Introduction to organic chemistry / (Record no. 117793)

[ view plain ]
MARC details
000 -LEADER
fixed length control field 00545nam a2200181Ia 4500
008 - FIXED-LENGTH DATA ELEMENTS--GENERAL INFORMATION
fixed length control field 140529s9999 xx 000 0 und d
020 ## - INTERNATIONAL STANDARD BOOK NUMBER
International Standard Book Number 9789812531797
050 ## - LIBRARY OF CONGRESS CALL NUMBER
Classification number QD 253.2
Item number .B76 2005
100 ## - MAIN ENTRY--PERSONAL NAME
Personal name Brown, William H.
245 ## - TITLE STATEMENT
Title Introduction to organic chemistry /
Statement of responsibility, etc William H. Brown, Thomas Poon
250 ## - EDITION STATEMENT
Edition statement 3rd ed.
260 ## - PUBLICATION, DISTRIBUTION, ETC. (IMPRINT)
Place of publication, distribution, etc Hoboken, NJ :
Name of publisher, distributor, etc John Wiley & Sons, Inc.,
Date of publication, distribution, etc c2005.
300 ## - PHYSICAL DESCRIPTION
Extent 642 p. :
Other physical details ill. ;
Dimensions 25 cm.
500 ## - GENERAL NOTE
General note Includes appendices, glossary and index.
521 ## - TARGET AUDIENCE NOTE
Target audience note
942 ## - ADDED ENTRY ELEMENTS (KOHA)
Call number prefix Foreign
Koha item type Books
Holdings
Withdrawn status Lost status Damaged status Home library Current library Shelving location Date acquired Total Checkouts Total Renewals Full call number Barcode Date last seen Date checked out Price effective from Koha item type
      College Library College Library General Circulation Section 05/30/2014 4 37 QD 253.2 .B76 2005 C17080 02/01/2019 01/14/2019 05/30/2014 Books

Introduction to organic chemistry /

APA

Brown W. H., . (2005). Introduction to organic chemistry. Hoboken, NJ: John Wiley & Sons, Inc.

Chicago

Brown William H, . 2005. Introduction to organic chemistry. Hoboken, NJ: John Wiley & Sons, Inc.

Harvard

Brown W. H., . (2005). Introduction to organic chemistry. Hoboken, NJ: John Wiley & Sons, Inc.

MLA

Brown William H, . Introduction to organic chemistry. Hoboken, NJ: John Wiley & Sons, Inc. 2005.

  • Place hold
  • Print
  • Cite
  • Add to your cart (remove)
  • Save record
    BIBTEX Dublin Core MARCXML MARC (non-Unicode/MARC-8) MARC (Unicode/UTF-8) MARC (Unicode/UTF-8, Standard) MODS (XML) RIS
  • More searches
    Search for this title in:
    Other Libraries (WorldCat) Other Databases (Google Scholar) Online Stores (Bookfinder.com) Open Library (openlibrary.org)

Exporting to Dublin Core...

SOUTHVILLE LIBRARY

Southville International School and Colleges Library

1281 Tropical Ave. Cor. Luxembourg St., BF Homes International, Las Pinas City

Tel. No. 8256374 / 252358 Loc. 117/146

Powered by Koha